| 000 | 01020cam a22003011 4500 | ||
|---|---|---|---|
| 999 |
_c126420 _d126420 |
||
| 001 | 9889412 | ||
| 003 | ARRUPE | ||
| 005 | 20170412100845.0 | ||
| 008 | 750514s1966 enk 000 0 eng | ||
| 010 | _a 67082053 | ||
| 015 | _aGB66-14210 | ||
| 035 | _a(OCoLC)1332469 | ||
| 040 |
_aDLC _cOClW _dUk _dDLC |
||
| 041 | 1 |
_aeng _hger |
|
| 042 | _apremarc | ||
| 050 | 0 | 0 |
_aDB89.F7 _bP3 1966 |
| 082 | _a943.6040924 | ||
| 100 | 1 |
_aPauli, Hertha, _d1909-1973. _929866 |
|
| 245 | 1 | 4 |
_aThe secret of Sarajevo; _bthe story of Franz Ferdinand and Sophie _c Hertha Pauli. |
| 260 |
_aLondon, _bCollins, _c1966 [1965] |
||
| 300 |
_a320 p. _c22 cm. |
||
| 504 | _aBibliography: p. 311-314. | ||
| 600 | 0 | 0 |
_aFranz Ferdinand, _cArchduke of Austria, _d1863-1914. _929867 |
| 600 | 0 | 0 |
_aSophie, _cArchduchess of Austria, _d1866-1914. _929868 |
| 906 |
_a7 _bcbc _coclcrpl _du _encip _f19 _gy-gencatlg |
||
| 942 |
_2lcc _cMONOGRAPH |
||